Clip Orelsan - Statistiques

Statistiques générales
  • Ce quiz a été pris 177 fois
  • Le résultat moyen est 14 sur 23
Statistiques - réponses
Par images Réponse % Correct
Basique
100%
Défaite de Famille
94%
L'Odeur de l'Essence
90%
Tout Va Bien
90%
La Pluie
85%
La Quête
81%
Paradis
81%
Ils Sont Cools
68%
Changement
66%
Raelsan
61%
Si Seul
60%
Inachevés
56%
Du Propre
53%
Discipline
51%
Ensemble
51%
Regarde Comme Il Fait Beau
51%
Peon
47%
Jour Meilleur
42%
Millions
40%
Qui Dit Mieux
31%
Si Facile
31%
Dit Moi
29%
Fais les Backs
29%
Aucun quiz correspondant
Distribution des résultats
% des personnes avec chaque résultat
Percentile par nombre de réponses
Votre historique - résultats
Vous n’avez pas pris ce quiz